000 00392nam a2200181Ia 4500
001 7834
005 20260306160524.0
008 260306t2014||||xx |||||||||||||| ||spa||
041 _aESP
082 _a362.63
_bP41
100 _aPensión 65
_eAUT
245 0 _aVidas
260 _c2014
300 _a122 páginas :
_c22 cm.
650 _aGEN
654 _aCAN
942 _cLIB
_dJUS
_fJUS
_2ddc
_n
999 _c7834
_d7834